Quizzes
Events
Quiz Creation
Community
Videos
Private Events
Remove Ads
Sign In
Join for FREE
Feedback
Dark Mode
Quiz Categories
Sports
Geography
Music
Movies
Television
Just For Fun
Miscellaneous
History
Literature
Language
Science
Gaming
Entertainment
Religion
Holiday
For Kids
Quiz Lab
Recent
Popular Today
Quiz Kudos Today
Editor Picks
Curator Picks
Quizzes by...
Day
Popularity
Type
Ratings
Length
Year
Community
Subscriptions
Recent Discussions
Orange Saloon
Badges
Playlists
Quests
Create
Leaderboards
Showdown
Live 5
Trivia Bingo
Activity
Puzzle Library
Sporcle Events
Private Events
Virtual Trivia
Globe League
Become a Host
Pub Owners
SporcleCon
Opinionation
Our Games
Videos
Blog
Mobile Apps
Partnerships
Remove Ads and Go Orange
Feedback
Sports
Athletes
MLB
NBA
NHL
NFL
Soccer
Sports Teams
WWE
NCAA
Football
Premier League
Basketball
Baseball
Hockey
Golf
Tennis
Cricket
Rugby
Auto Racing
Olympics
World Cup
Sports
Athletes
MLB
NBA
NHL
NFL
Soccer
Sports Teams
WWE
NCAA
Football
Premier League
Basketball
Baseball
Hockey
Golf
Tennis
Cricket
Rugby
Auto Racing
Olympics
World Cup
Random Quiz
Search Sporcle
×
Quiz Lab
Quiz Lab
Sports
NBA
Type in answers that appear in a list
Type in answers that appear in a list
Classic
Best Score? Go Orange.
2012 NBA ALL STAR ROSTERS (EAST AND WEST) Stats
Can you name the 2012 NBA ALL STAR ROSTERS (EAST AND WEST)?
By
dic24
7m
27 Questions
142 Plays
142 Plays
142 Plays
Comments
Comments
Give Quiz Kudos
Give Quiz Kudos
-
- Ratings
hide this ad
Replay
Link that replays current quiz
Next Quiz
Link to next quiz in quiz playlist
You Got
0%
They Got
Avg Score
84%
Avg Friend Score
Upgrade to see
Score Distribution
Jump to the score distribution portion of the page
Score
0/27
Timer
07:00
0
Plays Today
TEAM
PLAYER
% Correct
Miami Heat
Lebron James
100%
Miami Heat
Dwayne Wade
99.3%
Chicago Bulls
Derrick Rose
98.6%
New York Knicks
Carmelo Anthony
97.9%
Los Angeles Lakers
Kobe Bryant
97.9%
Orlando Magic
Dwight Howard
97.2%
Miami Heat
Chris Bosh
97.2%
Oklahoma City Thunder
Kevin Durant
96.5%
Boston Celtics
Paul Pierce
95.1%
Los Angeles Clippers
Blake Griffin
94.4%
Oklahoma City Thunder
Russell Westbrook
94.4%
Los Angeles Clippers
Chris Paul
93.7%
San Antonio Spurs
Tony Parker
93.7%
Memphis Grizzlies
Marc Gasol
93%
TEAM
PLAYER
% Correct
Boston Celtics
Rajon Rondo
92.3%
Dalas Mavericks
Dirk Nowitzki
90.1%
Phoenix Suns
Steve Nash
89.4%
Minnesota Timberwolves
Kevin Love
85.2%
New Jersey Nets
Deron Williams
84.5%
Chicago Bulls
Luol Deng
81%
Portland Trail Blazers
LaMarcus Aldridge
78.9%
Indiana Pacers
Roy Hibbert
76.8%
Atlanta Hawks
Joe Johnson
75.4%
Los angeles Lakers
Andrew Bynum
73.9%
Philadelphia 76ers
Andre Iguodala
59.9%
WEST COACH
Scott Brooks
32.4%
EAST COACH
Tom Thibodeau
24.6%
Quiz Playlist
Details
Report
Send in Message
Add To Playlist
Classic:
Type in answers that appear in a list
Last Updated: Feb 16, 2017
Quiz Scoreboard
CHALLENGE
Sign Up to Join the Scoreboard
Show All
Scores
Hide
Comments
May contain spoilers
Recently Published
An Introduction to Baseball
by treessimontrees
Sports
5m
Movies - When Are They Set?
by FPL_Elf
Movies
5m
Popular People in 1961
by mucciniale
History
6m
More to Explore
Quiz From the Vault
Featured Blog Post
Where Did the Easter Bunny Come From?
hide this ad
You Might Also Like...
Tags
Basketball Quiz
NBA Quiz
All-Star
NBA All-Star
Today's Top Quizzes in Sports
Browse Sports
hide this ad
Today's Top Quizzes in NBA
Browse NBA
Top Contributed Quizzes in Sports
1
Les meilleurs buteurs des matchs entre le PSG et l’OM
2
2022 World Cup Stars
3
FIFA Club World Cup Champions
4
Les entraîneurs de l'OM et du PSG au 21e siècle
5
Name the Premier League winners with different clubs
6
La finale Lions - Afrique du Sud 2021
7
Criteria MLB: Left Handed Sluggers
8
Les joueurs passés par le LOSC et le RC Lens
9
Players with Multiple 50 Home Run Seasons
10
MLB Players with Two .350 Batting Average Seasons
Explore More
Trending Topics
Disney
Harry Potter
Crossword
Kpop
Anime
NBA
Marvel
The Office
Country
Puzzle
Pokémon
NFL
Soccer
Song
WWE
hide this ad
More By:
dic24
Quiz
Plays
Rating
Category
Featured
Created
Paul Pierce History
10,378
1.80
Sports
Jun 7, 2012
2011-2012 Oldest NBA Players
2,795
2.33
Sports
Jul 13, 2012
100-1 Clickable Mines
1,878
2.00
Just For Fun
Jul 2, 2012
Boston Celtics All-Time Individual Records
1,353
4.67
Sports
Nov 30, 2014
2010-2011 Boston Bruins Championship Roster
611
3.40
Sports
Jun 16, 2011
Go to Creator's Profile
Score Distribution
Quiz Creator Spotlight
dic24
Follow
Send a Message
Quizzes Created
-
Created Quiz Play Count
-
More By This Creator
Popular Quizzes Today
1
Find the Countries of Europe - No Outlines Minefield
2
Find the US States - No Outlines Minefield
3
The Countries of the World
4
Popular People in 1961
5
US States
6
1-10 Letter E Words III
7
Find the US States
8
One Thing in Common: World Cities II
More Sports Quizzes
NFL 2018 Season Stat Leaders: Week 6
Quiz Lab
Trending Quizzes
Risky Map Clicking: Least Populous States A-Z
1-10 Letter F Words
1-10 Letter G Words
One Thing in Common: United Kingdom
Risky Map Clicking: Next State Alphabetically
Recently Updated
Leaping Animals
pecheneg
Reality TV Shows (A-Z)
bhenderson79
Rickey Henderson's Hall of Fame Teammates
pecheneg
Champions League XIs: Arsenal
pecheneg
Quick Pick: Celebrities in WWE's Hall of Fame
aduchscher
A-Z Keypad Blitz II
pecheneg
Multiple Oscar Actors
pecheneg
Mystery Phrase Blitz: Oscar 'Best Actors'
pecheneg
F. Scott Fitzgerald Novels
LTH
Pick 3 Villains
ddd62291
Trending Topics
Kpop
Disney
Marvel
Anime
Harry Potter
Crossword
NBA
Country
The Office
Soccer
WWE
Puzzle
Song
Pokémon
NFL
Your Account Isn't Verified!
In order to create a playlist on Sporcle, you need to verify the email address you used during registration. Go to your
Sporcle Settings
to finish the process.
Report this User
Report this user for behavior that violates our
Community Guidelines
.
Details:
Send Report
Go to the Sporcle.com Mobile Site →
Comments